The Republic of India : (Record no. 136550)

MARC details
000 -LEADER
fixed length control field 00618nam a2200205 4500
010 ## - LIBRARY OF CONGRESS CONTROL NUMBER
LC control number 469099
035 ## - SYSTEM CONTROL NUMBER
System control number 469099
037 ## - SOURCE OF ACQUISITION
Source of stock number/acquisition Cen Lib / Ret
040 ## - CATALOGING SOURCE
Original cataloging agency DPL
Language of cataloging EN
082 ## - DEWEY DECIMAL CLASSIFICATION NUMBER
Classification number 342.54
Item number GLE
100 ## - MAIN ENTRY--PERSONAL NAME
Personal name Gledhill, Alan
245 ## - TITLE STATEMENT
Title The Republic of India :
Remainder of title the development of its laws and constitution /
Statement of responsibility, etc by Alan Gledhill
250 ## - EDITION STATEMENT
Edition statement 2nd ed
260 ## - PUBLICATION, DISTRIBUTION, ETC. (IMPRINT)
Place of publication, distribution, etc London
Name of publisher, distributor, etc Stevens & Sons
Date of publication, distribution, etc 1964
270 ## - ADDRESS
Address 11 New Fetter Lane
City London
300 ## - PHYSICAL DESCRIPTION
Extent xi, 389p
Other physical details 24cm
650 ## - SUBJECT ADDED ENTRY--TOPICAL TERM
Topical term or geographic name as entry element Constitutional law -- India.
650 ## - SUBJECT ADDED ENTRY--TOPICAL TERM
Topical term or geographic name as entry element Constitutional history -- India.
942 ## - ADDED ENTRY ELEMENTS (KOHA)
Source of classification or shelving scheme Dewey Decimal Classification
Koha item type English Books
Classification part 342.54
Call number suffix GLE
Holdings
Withdrawn status Lost status Source of classification or shelving scheme Damaged status Not for loan Home library Current library Date acquired Source of acquisition Total Checkouts Full call number Barcode Date last seen Date checked out Price effective from Koha item type
    Dewey Decimal Classification     Central Library Central Library 04/03/2016 Cen Lib/Ret 1 342.54 GLE 469099 31/10/2019 16/10/2019 04/03/2016 English Books

© Delhi Public Library
Hit Counter
free hit counter